000 01261nam a2200217Ia 4500
003 Ost
005 20260507075357.0
008 260507s9999||||xx |||||||||||||| ||und||
020 _a9115350977
040 _cfsecg
041 _aara
082 _a330
100 _aدنيا، شوقي أحمد
_eمؤلف
245 0 _aالمدخل الحديث الى علم الإقتصاد :
_bمنهجية ورؤية اسلامية في تناول المسائل الإقتصادية /
_c شوقي أحمد دنيا
260 _aالإسكندرية:
_bدار الكتاب الحديث,
_c2006
300 _a349 صفحة؛
_bغلاف ملون ومصور
_c25 سم
520 _aمدخل عام- الحاجة الى الإقتصاد الإسلامي- حوار مع المعارضين- كيف تبنى علم الإقتصاد الإسلامي- اطلالة على الجهود الفكرية في مجال الإقتصاد الإسلامي- مدخل الى الإقتصاد الجزئي- الإستهلاك- الإنتاج- التمويل- التبادل- مدخل الى الإقتصاد الكلي- الدخل القومي- التنمية الإقتصادية
653 _aالإقتصاد الإسلامي
653 _aعلم الإقتصاد
942 _cكتاب
999 _c44237
_d44237